La creación díscola del mundo o la voluntad como fundamento metafísico en Schopenhauer

Guardat en:
Dades bibliogràfiques
Autor principal: Cordero Morales, Francisco javier (Autor)
Format: Llibre
Idioma:espanyol
Publicat: Valparaíso Ediciones Universitarias de Valparaíso 2007
Matèries:
Etiquetes: Afegir etiqueta
Sense etiquetes, Sigues el primer a etiquetar aquest registre!

MARC

LEADER 00000nam a2200000 a 4500
001 UCI3784
003 CL-VaPUC
008 071130e20070000CL |||||||||||||||||spa|d
082 0 4 |a 193  |b COR  |2 21 
100 0 |a Cordero Morales, Francisco javier  |e author  |9 525315 
245 1 3 |a La creación díscola del mundo o la voluntad como fundamento metafísico en Schopenhauer 
300 |a 82 p 
942 |c BK 
945 |d 20071130 00:00:00  |a rbrito 
260 |a Valparaíso  |b Ediciones Universitarias de Valparaíso  |c 2007 
600 0 7 |a SCHOPENHAUER, ARTHUR  |2 CL-VaPUC  |9 265694 
650 0 |a Metafísica  |9 265649 
650 0 |a Filosofía alemana   |9 265002 
650 0 |a Crítica e interpretación   |9 255042 
583 |a last modification  |c 20071130 00:00:00  |k Rodrigo Vera 
999 |c 327876  |d 327874 
952 |0 0  |1 0  |4 0  |6 193_000000000000000_COR_2007  |7 0  |8 A  |9 411379  |a BIBEDU  |b BIBEDU  |d 2019-11-22  |i 439304K  |o 193 COR 2007  |p 439304K  |r 2019-11-22  |w 2019-11-22  |y BK  |k FIL 
952 |0 0  |1 0  |4 0  |6 193_000000000000000_COR_2007  |7 0  |8 A  |9 411380  |a BIBEDU  |b BIBEDU  |d 2019-11-22  |i 4393058  |o 193 COR 2007  |p 4393058  |r 2019-11-22  |w 2019-11-22  |y BK  |k FIL